Penisilin. (Record no. 57682)

MARC details
000 -LEADER
fixed length control field 00603cam a22002411 4500
001 - CONTROL NUMBER
control field sa 64003065
003 - CONTROL NUMBER IDENTIFIER
control field DLC
005 - DATE AND TIME OF LATEST TRANSACTION
control field 20260227112014.0
008 - FIXED-LENGTH DATA ELEMENTS--GENERAL INFORMATION
fixed length control field 941024s1961 ii c b 000 0 kano
010 ## - LIBRARY OF CONGRESS CONTROL NUMBER
LC control number sa 64003065
025 ## - OVERSEAS ACQUISITION NUMBER
Overseas acquisition number PL480:I-Kan-90
035 ## - SYSTEM CONTROL NUMBER
System control number (OCoLC)31349470
040 ## - CATALOGING SOURCE
Original cataloging agency DLC
Transcribing agency CU
Modifying agency CU
-- DLC
042 ## - AUTHENTICATION CODE
Authentication code premarc
050 00 - LIBRARY OF CONGRESS CALL NUMBER
Classification number QR31.F5
Item number S9
100 1# - MAIN ENTRY--PERSONAL NAME
Personal name Subrahmaṇyaṃ, S.
245 10 - TITLE STATEMENT
Title Penisilin.
260 ## - PUBLICATION, DISTRIBUTION, ETC.
Date of publication, distribution, etc. [1961]
300 ## - PHYSICAL DESCRIPTION
Extent v, 116, [2] p.
Other physical details port.
Dimensions 19 cm.
500 ## - GENERAL NOTE
General note In Kannada.
504 ## - BIBLIOGRAPHY, ETC. NOTE
Bibliography, etc. note Bibliography: p. [118]
600 10 - SUBJECT ADDED ENTRY--PERSONAL NAME
Personal name Felming, Alexander,
Dates associated with a name 1881-1955.

No items available.

Powered by Koha